Football - Vocabulaire - Statistiques

Statistiques générales
  • Ce quiz a été pris 206 fois
  • Le résultat moyen est 15 sur 28
Statistiques - réponses
HINT Hint ANSWER % Correct
Poste qui ne se trouve pas à l'avant. A Arrière
78%
Est parfois invité à aller "aux chiottes". A Arbitre
77%
Objet rond que l'on doit mettre au fond des buts. B Ballon
76%
Ultime récompense individuelle d'un joueur de football. Décernée chaque année. B Ballon d'Or
74%
Il suffit d'en marquer un de plus que son adversaire pour gagner le match. B But
74%
Permet au joueur de ne pas (trop) glisser. C Crampons
71%
Souvent le dernier rempart avant un but. G Gardien
70%
Anglicisme permettant de désigner un gardien de but. G Goal
70%
Conséquence logique d'une faute dans la surface de réparation. P Pénalty
70%
Rencontre entre deux équipes proches géographiquement. D Derby
68%
Trois lettres. Système permettant à l'arbitre de revoir l'action litigieuse. V VAR
68%
Compétition maintes fois remportée par le Real de Madrid C Champion's League
67%
Son travail est souvent remis en cause lors de la défaite. E Entraîneur
67%
Lieu de travail du footballeur. T Terrain
67%
Série éliminatoire qui permet de se qualifier lorsque l'on a pas été qualifié directement. B Barrage
60%
Chez les professionnels du football, comporte souvent de nombreux zéros. S Salaire
55%
Scéance, parfois interminable, lorsque les deux équipes finissent sur un score identique à la fin du temps réglementaire. T Tirs au but
54%
Permet de départager des équipes à égalité de points. G Goal average
51%
Pratique interdite car elle va à l'encontre de l'esprit du jeu. A Anti-jeu
50%
Poste qui ne se trouve pas à l'arrière. A Avant centre
46%
Permet de se protéger des crampons trop tranchants. P Protège-tibias
39%
Poste qui ne se trouve pas au milieu du terrain. A Ailier
36%
Terme qui peut aussi être militaire. Peut être régionale ou bien départementale. D Division
32%
Permet de récupérer le temps perdu lors d'une mi-temps. A Arrêts de jeu
27%
Désigne une rencontre entre deux équipes de qualité. A Affiche
16%
Fait et défait les carrières des joueurs internationaux. S Sélectionneur
16%
Autre terme pour désigner le fait de "marquer un but". F Finition
5%
Est possible deux fois par an, d'une équipe à une autre. S Transfert
4%
Aucun quiz correspondant
Distribution des résultats
% des personnes avec chaque résultat
Percentile par nombre de réponses
Votre historique - résultats
Vous n’avez pas pris ce quiz